000
00258nam a2200097Ia 4500
001
958922
005
20250826215913.0
008
250824s9999 xx 000 0 und d
245
0
_a
DOĞU BATI ARASINDA İSLAM
_c
ALİYA İZZETBEGOVİÇ
260
_b
KETEBE YAYINLARI
999
_c
958922
_d
958922